00464 2200193 4500001002100000005001500021008004100036020002200077035001900099041000700118082001100125090001700136100001900153700002100172245003100193260001700224300002000241650000900261INLIS00000000000267620241224112600241224||||||||| | ||| |||| || |  a978-0-07-353506-7 0010-1224002676 aid0 a791.43 a791.43 BOR f0 aDavid Bordwell0 aKristin Thompson00aFilm Art : an introduction bMc Grow Hill a505 hlm;27.5 cm 0aSeni